Christmas, and poems on slavery, for Christmas, 1843 : dedicated to Eliza Lee Follen.

Bibliographic Details
Main Author: Hill, Thomas, 1818-1891 (Author)
Format: eBook
Language:English
Published: Cambridge : Published by the author for the Massachusetts Anti-slavery Fair, 1843.
Series:Slavery in America and the world: history, culture & law.
Subjects:
Online Access:Connect to the full text of this electronic book

MARC

Tag First Indicator Second Indicator Subfields
LEADER 00000cam a2200000 i 4500
001 in00004409708
005 20210123192322.0
006 m fo d
007 cr bn nnnauuuu
008 161219s1843 mau o 000 p eng d
035 |a ccn00783079 
040 |a NjRocCCS  |b eng  |e rda  |c NjRocCCS 
050 4 |a PS1929.H67  |b C47 1843 
100 1 |a Hill, Thomas,  |d 1818-1891,  |e author. 
245 1 0 |a Christmas, and poems on slavery, for Christmas, 1843 :  |b dedicated to Eliza Lee Follen. 
264 1 |a Cambridge :  |b Published by the author for the Massachusetts Anti-slavery Fair,  |c 1843. 
264 2 |a [Getzville, New York] :  |b William S. Hein and Company,  |c [2016] 
300 |a 1 online resource (16 pages). 
336 |a text  |b txt  |2 rdacontent 
337 |a computer  |b c  |2 rdamedia 
338 |a online resource  |b cr  |2 rdacarrier 
490 1 |a HeinOnline slavery in America and the world: history, culture & law 
588 |a Description based on PDF title page, viewed December 19, 2016. 
500 |a Attributed to Thomas Hill. 
650 0 |a Slavery  |v Poetry. 
650 0 |a Christmas poetry. 
655 7 |a Electronic books.  |2 local 
830 0 |a Slavery in America and the world: history, culture & law. 
856 4 0 |u http://proxy.library.tamu.edu/login?url=https://www.heinonline.org/HOL/Page?handle=hein.slavery/xmasslv0001&id=1&size=2&collection=slavery&index=slavery  |z Connect to the full text of this electronic book  |t 0 
949 |a PS 1929 .H67 C47 1843  |w LC  |c 1  |i 783079-1001  |d 5/19/2017  |l MAIN  |m HEN  |q 1  |r Y  |s Y  |t WEB  |u 12/19/2016  |x ENG  |z N-US 
999 f f |s 0a21e897-2146-33ea-9aac-9af99a3043d3  |i f6827c7f-38ec-3170-b042-fec4db84ae4e  |t 0 
952 f f |a Texas A&M University  |b College Station  |c Electronic Resources  |d Available Online  |t 0  |e PS1929.H67 C47 1843  |h Library of Congress classification 
998 f f |a PS1929.H67 C47 1843  |t 0  |l Available Online